[Event "Rheinland Pfalz Seniors op"]
[Site "Altenkirchen"]
[Date "2023.09.10"]
[Round "6"]
[White "Siebenhaar, Erich"]
[Black "Lares, Harald"]
[Result "1/2-1/2"]
[WhiteElo "2056"]
[BlackElo "1969"]
[PlyCount "23"]
[EventDate "2023.09.05"]
[EventType "swiss"]
[EventRounds "9"]
[EventCountry "GER"]
[SourceTitle "EXT 2024"]
[Source "ChessBase"]
[SourceDate "2023.10.10"]
[SourceVersion "1"]
[SourceVersionDate "2023.10.10"]
[SourceQuality "1"]

1. Nc3 c5 2. d4 cxd4 3. Qxd4 Nc6 4. Qh4 a6 5. Bg5 g6 6. e4 Bg7 7. Bc4 h6 8. Bd2 b5 9. Bb3 e6 10. Qxd8+ Nxd8 11. Nge2 Bb7 12. f3 1/2-1/2

[Event "Altenkirchen Seniors op 19th"]
[Site "Altenkirchen"]
[Date "2022.07.27"]
[Round "9"]
[White "Cichy, Michael"]
[Black "Lares, Harald"]
[Result "1/2-1/2"]
[WhiteElo "2031"]
[BlackElo "1993"]
[PlyCount "42"]
[EventDate "2022.07.19"]
[EventType "swiss"]
[EventRounds "9"]
[EventCountry "GER"]
[SourceTitle "EXT 2023"]
[Source "ChessBase"]
[SourceDate "2022.10.05"]
[SourceVersion "1"]
[SourceVersionDate "2022.10.05"]
[SourceQuality "1"]

1. d4 d6 2. Nf3 Nf6 3. c4 c6 4. Nc3 g6 5. e4 Bg7 6. Be2 0-0 7. 0-0 Qc7 8. Qc2 a6 9. a4 a5 10. h3 e5 11. d5 Na6 12. Bg5 h6 13. Bd2 Nc5 14. Rfe1 Nh5 15. Bf1 f5 16. Nh4 Qf7 17. g3 Qf6 18. Ng2 fxe4 19. Be3 Bxh3 20. Bxc5 dxc5 21. Nxe4 Qf7 1/2-1/2

[Event "Altenkirchen Seniors op 19th"]
[Site "Altenkirchen"]
[Date "2022.07.22"]
[Round "4"]
[White "Lares, Harald"]
[Black "Hansult, Manfred"]
[Result "1-0"]
[WhiteElo "1993"]
[BlackElo "1838"]
[PlyCount "47"]
[EventDate "2022.07.19"]
[EventType "swiss"]
[EventRounds "9"]
[EventCountry "GER"]
[SourceTitle "CBM 209 Extra"]
[Source "ChessBase"]
[SourceDate "2022.09.30"]
[SourceVersion "1"]
[SourceVersionDate "2022.09.30"]
[SourceQuality "1"]

1. Nf3 d5 2. c4 c6 3. e3 Nf6 4. Nc3 a6 5. a3 e6 6. d4 Bd6 7. Qc2 Nbd7 8. e4 dxe4 9. Nxe4 Nxe4 10. Qxe4 Nf6 11. Qh4 Qa5+ 12. Bd2 Qh5 13. Qxh5 Nxh5 14. g3 0-0 15. Bg2 Nf6 16. 0-0 Nd7 17. Rfe1 c5 18. b4 cxd4 19. c5 Be7 20. Nxd4 Bf6 21. Be3 Rb8 22. Rad1 a5 23. c6 Bxd4 24. cxd7 1-0

[Event "Bayern-chI Bank Hofmann 24th"]
[Site "Tegernsee"]
[Date "2021.10.31"]
[Round "2"]
[White "Welling, Gerard J"]
[Black "Lares, Harald"]
[Result "1-0"]
[WhiteElo "2282"]
[BlackElo "2010"]
[PlyCount "109"]
[EventDate "2021.10.30"]
[EventType "swiss"]
[EventRounds "9"]
[EventCountry "GER"]
[SourceTitle "CBM 205 Extra"]
[Source "ChessBase"]
[SourceDate "2022.01.31"]
[SourceVersion "1"]
[SourceVersionDate "2022.01.31"]
[SourceQuality "1"]

1. e4 c6 2. d4 d5 3. e5 Bf5 4. Ne2 e6 5. Ng3 Bg6 6. h4 h6 7. h5 Bh7 8. Bd3 Bxd3 9. cxd3 Qb6 10. Be3 Nd7 11. 0-0 c5 12. dxc5 Qxb2 13. d4 Bxc5 14. Nd2 Bb6 15. Qa4 Rc8 16. Rab1 Qc2 17. Qa3 Rc3 18. Nb3 Qd3 19. Rfd1 Qa6 20. Qb2 Rc7 21. f4 Ne7 22. Qf2 f5 23. exf6 Nxf6 24. f5 e5 25. Qf3 e4 26. Qf4 Rc2 27. Nc5 Qxa2 28. Ra1 Rxg2+ 29. Kf1 Qc2 30. Rdc1 Nxh5 31. Rxc2 Nxf4 32. Rxg2 Nxg2 33. Kxg2 0-0 34. Rf1 Bc7 35. Ne6 Rc8 36. Nh5 Kf7 37. Nhxg7 Bd6 38. Bxh6 Rc2+ 39. Kg1 Bh2+ 40. Kh1 Bd6 41. Bg5 Rh2+ 42. Kg1 Rh3 43. Bf4 Bxf4 44. Rxf4 Rh6 45. Rg4 Nxf5 46. Nxf5 Rxe6 47. Ne3 Rd6 48. Rg5 Ke6 49. Re5+ Kd7 50. Nf5 a5 51. Nxd6 Kxd6 52. Kf2 a4 53. Ke3 a3 54. Re8 b5 55. Ra8 1-0

[Event "Altenkirchen Seniors op 18th"]
[Site "Altenkirchen"]
[Date "2021.07.09"]
[Round "8"]
[White "Hoefer, Heijo"]
[Black "Lares, Harald"]
[Result "0-1"]
[WhiteElo "1767"]
[BlackElo "1983"]
[PlyCount "108"]
[EventDate "2021.07.02"]
[EventType "swiss"]
[EventRounds "9"]
[EventCountry "GER"]
[SourceTitle "CBM 203 Extra"]
[Source "ChessBase"]
[SourceDate "2021.09.30"]
[SourceVersion "1"]
[SourceVersionDate "2021.09.30"]
[SourceQuality "1"]

1. Nf3 Nf6 2. d4 c5 3. c3 e6 4. g3 b6 5. Bg2 Bb7 6. 0-0 d5 7. Bg5 Be7 8. Nbd2 Nbd7 9. Ne5 Nxe5 10. dxe5 Nd7 11. Bxe7 Qxe7 12. f4 0-0-0 13. Qa4 Kb8 14. c4 g5 15. cxd5 exd5 16. e4 gxf4 17. exd5 fxg3 18. hxg3 Qxe5 19. Rxf7 Qe3+ 20. Kh1 Ne5 21. Qf4 Qxf4 22. Rxf4 Bxd5 23. Ne4 Nd3 24. Rf5 Nxb2 25. Nc3 Bxg2+ 26. Kxg2 Rd2+ 27. Kh3 Rd3 28. Ne4 Re3 29. Nd6 Rg8 30. Rg1 c4 31. Rf7 Rg6 32. Rb7+ Ka8 33. Rd7 a5 34. Rf1 Rgxg3+ 35. Kh4 Rgf3 36. Rh1 Rd3 37. Re1 Rde3 38. Rg1 Rh3+ 39. Kg4 h5+ 40. Kf4 Nd3+ 41. Kg5 Ne5 42. Rd8+ Ka7 43. Kf5 Ng4 44. Nxc4 Rc3 45. Nd6 Rc5+ 46. Ke6 Re3+ 47. Kf7 b5 48. Rb1 b4 49. a4 Kb6 50. Nc8+ Kc7 51. Rbd1 Ne5+ 52. Kg7 b3 53. Na7 b2 54. Nb5+ Rxb5 0-1

[Event "RLP Seniors op 17th"]
[Site "Neustadt an der Weinstrasse"]
[Date "2019.07.22"]
[Round "3"]
[White "Lares, Harald"]
[Black "Kienel, Norbert"]
[Result "1-0"]
[WhiteElo "1974"]
[BlackElo "1826"]
[PlyCount "79"]
[EventDate "2019.07.20"]
[EventType "swiss"]
[EventRounds "9"]
[EventCountry "GER"]
[SourceTitle "CBM 192 Extra"]
[Source "Chessbase"]
[SourceDate "2019.11.06"]
[SourceVersion "1"]
[SourceVersionDate "2019.11.06"]
[SourceQuality "1"]

1. Nf3 d5 2. c4 e6 3. d4 Nf6 4. Nc3 c6 5. e3 Be7 6. Qc2 Nbd7 7. Bd3 0-0 8. b3 a6 9. a4 Qa5 10. 0-0 dxc4 11. bxc4 Rd8 12. e4 e5 13. Bd2 Qc7 14. d5 Nc5 15. h3 cxd5 16. cxd5 Bd7 17. a5 Nxd3 18. Qxd3 Bb4 19. Rfc1 Qd6 20. Rcb1 Bxc3 21. Bxc3 Bb5 22. Qe3 Nd7 23. Bb4 Qg6 24. Nh4 Qf6 25. Nf5 Re8 26. Rc1 Kh8 27. Nd6 Red8 28. Rc7 Nf8 29. Nxf7+ Kg8 30. Nxd8 Qxd8 31. Rac1 Rb8 32. Qa7 Bc6 33. Re7 Ra8 34. Qe3 Ng6 35. dxc6 Nxe7 36. cxb7 Rb8 37. Bxe7 Qd7 38. Qb3+ Kh8 39. Qd5 Qe8 40. Qe6 1-0

[Event "RLP Seniors op 17th"]
[Site "Neustadt an der Weinstrasse"]
[Date "2019.07.21"]
[Round "2"]
[White "Kargoll, Peter"]
[Black "Lares, Harald"]
[Result "1-0"]
[WhiteElo "2147"]
[BlackElo "1974"]
[PlyCount "37"]
[EventDate "2019.07.20"]
[EventType "swiss"]
[EventRounds "9"]
[EventCountry "GER"]
[SourceTitle "CBM 192 Extra"]
[Source "Chessbase"]
[SourceDate "2019.11.06"]
[SourceVersion "1"]
[SourceVersionDate "2019.11.06"]
[SourceQuality "1"]

1. d4 Nf6 2. Nf3 e6 3. e3 b6 4. Bd3 c5 5. 0-0 Bb7 6. c4 d6 7. Nc3 Nc6 8. a3 Be7 9. d5 exd5 10. cxd5 Nb8 11. e4 Nbd7 12. Nd2 Ne5 13. Bb5+ Nfd7 14. f4 Ng6 15. Nc4 a6 16. Bxd7+ Kxd7 17. a4 Rb8 18. e5 Kc7 19. Ne4 1-0

[Event "Rheinland Pfalz op 11th"]
[Site "Weilerbach"]
[Date "2019.06.21"]
[Round "4"]
[White "Muths, Lukas"]
[Black "Lares, Harald"]
[Result "1/2-1/2"]
[WhiteElo "1827"]
[BlackElo "1985"]
[PlyCount "40"]
[EventDate "2019.06.20"]
[EventType "swiss"]
[EventRounds "7"]
[EventCountry "GER"]
[SourceTitle "CBM 191 Extra"]
[Source "ChessBase"]
[SourceDate "2019.09.30"]
[SourceVersion "1"]
[SourceVersionDate "2019.09.30"]
[SourceQuality "1"]

1. e4 c6 2. Nc3 d5 3. Nf3 d4 4. Ne2 c5 5. c3 dxc3 6. bxc3 e6 7. d4 cxd4 8. cxd4 Nf6 9. Ng3 Bb4+ 10. Bd2 Qa5 11. Bxb4 Qxb4+ 12. Qd2 Qxd2+ 13. Nxd2 Nc6 14. Bb5 Bd7 15. Bxc6 Bxc6 16. f3 Rd8 17. Nb3 0-0 18. 0-0 b6 19. Rac1 Rc8 20. Rc3 Bb7 1/2-1/2

[Event "Rheinland Pfalz op 11th"]
[Site "Weilerbach"]
[Date "2019.06.20"]
[Round "1"]
[White "Lares, Harald"]
[Black "Hollinger, Sascha"]
[Result "1-0"]
[WhiteElo "1985"]
[BlackElo "1505"]
[PlyCount "71"]
[EventDate "2019.06.20"]
[EventType "swiss"]
[EventRounds "7"]
[EventCountry "GER"]
[SourceTitle "CBM 191 Extra"]
[Source "ChessBase"]
[SourceDate "2019.09.30"]
[SourceVersion "1"]
[SourceVersionDate "2019.09.30"]
[SourceQuality "1"]

1. Nf3 c5 2. c4 Nc6 3. d4 cxd4 4. Nxd4 e6 5. g3 Nf6 6. Bg2 Bc5 7. Nb3 Be7 8. Nc3 0-0 9. 0-0 d6 10. e4 a6 11. Be3 Ne5 12. Qe2 Qc7 13. Nd2 Bd7 14. h3 Rac8 15. b3 Nc6 16. Na4 Rfe8 17. Nb6 Rcd8 18. Rac1 Nb8 19. Na8 Qc8 20. f4 e5 21. Nb6 Qc7 22. f5 Bc6 23. Nd5 Qd7 24. a4 a5 25. Bb6 Na6 26. Bxa5 Bxd5 27. Bxd8 Bxd8 28. exd5 Bb6+ 29. Kh2 Nc5 30. g4 Rb8 31. g5 Ne8 32. Rc3 Bd8 33. Rg3 g6 34. fxg6 fxg6 35. Qf2 Qe7 36. Rf3 1-0

[Event "Pfalz-ch Seniors 87th"]
[Site "Landau"]
[Date "2018.03.23"]
[Round "1"]
[White "Lares, Harald"]
[Black "Link, Alwin"]
[Result "1-0"]
[WhiteElo "1955"]
[BlackElo "1471"]
[PlyCount "70"]
[EventDate "2018.03.23"]
[EventType "swiss"]
[EventRounds "7"]
[EventCountry "GER"]
[SourceTitle "EXT 2019"]
[Source "ChessBase"]
[SourceDate "2018.10.10"]
[SourceVersion "1"]
[SourceVersionDate "2018.10.10"]
[SourceQuality "1"]

1. Nf3 e6 2. c4 Nf6 3. Nc3 b6 4. g3 Bb7 5. Bg2 d6 6. d4 c5 7. dxc5 bxc5 8. 0-0 Be7 9. Qc2 0-0 10. Bg5 Nbd7 11. e4 h6 12. Be3 Qc7 13. Rad1 Rfd8 14. Rfe1 Ng4 15. Bc1 Nge5 16. Nxe5 Nxe5 17. h3 Nxc4 18. Nb5 Qa5 19. Qxc4 d5 20. exd5 Bxd5 21. Bxd5 exd5 22. Qg4 Bg5 23. Bxg5 hxg5 24. Nc3 d4 25. Ne4 Re8 26. Qxg5 Re6 27. Qxc5 Qxa2 28. Qxd4 Rae8 29. Qc3 Qa4 30. Ng5 Re2 31. b3 Qa2 32. Rxe2 Qxe2 33. Qd3 Qh5 34. h4 f6 35. Qd5+ Kf8 1-0

[Event "Erfurt ST op 27th"]
[Site "Erfurt"]
[Date "2017.12.29"]
[Round "4"]
[White "Lares, Harald"]
[Black "Muuss, Klaus"]
[Result "0-1"]
[WhiteElo "1979"]
[BlackElo "2033"]
[PlyCount "104"]
[EventDate "2017.12.26"]
[EventType "swiss"]
[EventRounds "5"]
[EventCountry "GER"]
[SourceTitle "CBM 182 Extra"]
[Source "ChessBase"]
[SourceDate "2018.02.23"]
[SourceVersion "1"]
[SourceVersionDate "2018.02.23"]
[SourceQuality "1"]

1. Nf3 Nf6 2. c4 g6 3. Nc3 Bg7 4. d4 d5 5. g3 0-0 6. cxd5 Nxd5 7. Bg2 Nxc3 8. bxc3 c5 9. 0-0 Nc6 10. e3 Bg4 11. h3 Bf5 12. Qa4 Qd7 13. Qb3 Bxh3 14. Bxh3 Qxh3 15. Qxb7 Rfc8 16. Qb3 Rab8 17. Qd5 e6 18. Qd7 h6 19. Ba3 Qf5 20. Nh4 Qe4 21. Bxc5 g5 22. Ng2 Ne5 23. dxe5 Rxc5 24. Qxa7 Rbc8 25. Rad1 R5c7 26. Rd8+ Kh7 27. Qa5 Qxe5 28. Qxe5 Bxe5 29. Rxc8 Rxc8 30. Rc1 Rxc3 31. Rxc3 Bxc3 32. e4 Kg7 33. g4 Kf6 34. Kf1 Ke5 35. f3 Kd4 36. Ke2 Ba5 37. Ne3 Kc3 38. Nd1+ Kb4 39. Ne3 Bc7 40. Kd3 Ka3 41. Nc4+ Kxa2 42. e5 Kb3 43. Kd4 Kb4 44. Nd6 f6 45. Nf7 Bxe5+ 46. Nxe5 fxe5+ 47. Kxe5 Kc3 48. Kf6 Kd4 49. Kg6 Ke5 50. Kxh6 Kf4 51. Kg6 e5 52. Kf6 Kxf3 0-1

[Event "Erfurt ST op 27th"]
[Site "Erfurt"]
[Date "2017.12.27"]
[Round "2"]
[White "Bonacic, Nenad"]
[Black "Lares, Harald"]
[Result "1/2-1/2"]
[WhiteElo "2152"]
[BlackElo "1979"]
[PlyCount "65"]
[EventDate "2017.12.26"]
[EventType "swiss"]
[EventRounds "5"]
[EventCountry "GER"]
[SourceTitle "CBM 182 Extra"]
[Source "ChessBase"]
[SourceDate "2018.02.23"]
[SourceVersion "1"]
[SourceVersionDate "2018.02.23"]
[SourceQuality "1"]

1. c4 Nf6 2. b3 e6 3. Bb2 d5 4. Nf3 c5 5. cxd5 exd5 6. g3 Nc6 7. Bg2 Be7 8. 0-0 d4 9. d3 Be6 10. Ng5 Bd5 11. Ne4 0-0 12. Nbd2 b6 13. Nxf6+ Bxf6 14. Nf3 Qe7 15. Re1 Qd6 16. Bc1 Rfe8 17. Bf4 Qd7 18. h4 Ne5 19. Bxe5 Bxe5 20. Qd2 a5 21. Rab1 h6 22. Rb2 Bf6 23. a3 Re7 24. b4 axb4 25. axb4 c4 26. dxc4 Bxc4 27. Rc2 Rc8 28. Qf4 b5 29. Bf1 Rce8 30. Qc1 Qg4 31. Rxc4 bxc4 32. Qxc4 Rc8 33. Qb5 1/2-1/2

[Event "Rheinland Pfalz op 9th"]
[Site "Lambsheim"]
[Date "2017.06.17"]
[Round "6"]
[White "Merges, Harald"]
[Black "Lares, Harald"]
[Result "0-1"]
[WhiteElo "1785"]
[BlackElo "1989"]
[PlyCount "60"]
[EventDate "2017.06.15"]
[EventType "swiss"]
[EventRounds "7"]
[EventCountry "GER"]
[SourceTitle "CBM 178 Extra"]
[Source "ChessBase"]
[SourceDate "2017.06.22"]
[SourceVersion "1"]
[SourceVersionDate "2017.06.22"]
[SourceQuality "1"]

1. e4 c6 2. d4 d5 3. exd5 cxd5 4. Nf3 Nf6 5. Nc3 a6 6. h3 Bf5 7. Bf4 Nc6 8. a3 e6 9. Bd3 Bxd3 10. Qxd3 Be7 11. 0-0 0-0 12. Ne5 Rc8 13. Rae1 b5 14. Na2 Ne4 15. Nxc6 Rxc6 16. c3 Qd7 17. f3 Nd6 18. Bxd6 Bxd6 19. Qd2 a5 20. Nc1 b4 21. axb4 axb4 22. cxb4 Rc4 23. Rd1 Rfc8 24. Nb3 Bxb4 25. Qd3 g6 26. Rc1 Qc7 27. Qb1 Qf4 28. Rxc4 Rxc4 29. Qd1 Bd6 30. Qe2 Rb4 0-1

[Event "Rheinland Pfalz op 9th"]
[Site "Lambsheim"]
[Date "2017.06.16"]
[Round "3"]
[White "Lares, Harald"]
[Black "Frohnhaeuser, Ralf"]
[Result "1/2-1/2"]
[WhiteElo "1989"]
[BlackElo "1775"]
[PlyCount "41"]
[EventDate "2017.06.15"]
[EventType "swiss"]
[EventRounds "7"]
[EventCountry "GER"]
[SourceTitle "CBM 178 Extra"]
[Source "ChessBase"]
[SourceDate "2017.06.22"]
[SourceVersion "1"]
[SourceVersionDate "2017.06.22"]
[SourceQuality "1"]

1. Nf3 Nf6 2. c4 g6 3. Nc3 Bg7 4. g3 0-0 5. Bg2 d6 6. d4 c6 7. 0-0 Qa5 8. h3 e5 9. Bd2 Qc7 10. c5 exd4 11. cxd6 Qxd6 12. Bf4 Qb4 13. Qxd4 Qxd4 14. Nxd4 Nh5 15. Be3 Re8 16. Rfd1 Nxg3 17. Rd3 Nf5 18. Nxf5 Bxf5 19. Rd6 Nd7 20. Rad1 Ne5 21. b3 1/2-1/2

[Event "Pfalz-ch Seniors 86th"]
[Site "Wolfstein"]
[Date "2017.04.08"]
[Round "2"]
[White "Lares, Harald"]
[Black "Ranker, Klemens"]
[Result "1-0"]
[WhiteElo "1989"]
[BlackElo "1795"]
[PlyCount "113"]
[EventDate "2017.04.07"]
[EventType "swiss"]
[EventRounds "7"]
[EventCountry "GER"]
[SourceTitle "EXT 2018"]
[Source "ChessBase"]
[SourceDate "2017.10.13"]
[SourceVersion "1"]
[SourceVersionDate "2017.10.13"]
[SourceQuality "1"]

1. Nf3 Nf6 2. c4 c5 3. Nc3 Nc6 4. d4 cxd4 5. Nxd4 g6 6. g3 Bg7 7. Bg2 0-0 8. 0-0 Nxd4 9. Qxd4 d6 10. Qd2 Rb8 11. e4 Bd7 12. b3 a6 13. a4 Qb6 14. Qc2 Be6 15. a5 Qc7 16. Be3 Qc8 17. Rae1 Bh3 18. Nd5 Nxd5 19. exd5 Bxg2 20. Kxg2 Qd7 21. Bg5 Rfe8 22. Qd2 Rbc8 23. Re2 e5 24. dxe6 Rxe6 25. Rxe6 fxe6 26. Rd1 Bf8 27. Be3 Qc6+ 28. f3 Rd8 29. Bg5 Rd7 30. Qe2 d5 31. Qd2 Bg7 32. h4 d4 33. Qe2 e5 34. Bd2 Rf7 35. Qd3 Re7 36. Re1 Bf6 37. Re4 Re6 38. Rg4 Bg7 39. Re4 Bf6 40. g4 Bg7 41. Kg3 Bf6 42. Re1 Re8 43. b4 Qc7 44. Kh3 Qe7 45. g5 Qe6+ 46. Kg3 Bd8 47. b5 Bc7 48. Kg2 axb5 49. cxb5 Ra8 50. Qe4 Rb8 51. b6 Bd6 52. Qxd4 exd4 53. Rxe6 Bc5 54. Re5 Ba3 55. Rd5 Bb2 56. Rd7 Re8 57. Kf2 1-0

[Event "Pfalz-ch Seniors 86th"]
[Site "Wolfstein"]
[Date "2017.04.07"]
[Round "1"]
[White "Boehm, Manfred"]
[Black "Lares, Harald"]
[Result "1/2-1/2"]
[WhiteElo "1718"]
[BlackElo "1989"]
[PlyCount "85"]
[EventDate "2017.04.07"]
[EventType "swiss"]
[EventRounds "7"]
[EventCountry "GER"]
[SourceTitle "EXT 2018"]
[Source "ChessBase"]
[SourceDate "2017.10.13"]
[SourceVersion "1"]
[SourceVersionDate "2017.10.13"]
[SourceQuality "1"]

1. e4 c6 2. d4 d5 3. Nc3 dxe4 4. Nxe4 Nf6 5. Ng3 g6 6. Nf3 Nbd7 7. c3 Bg7 8. Bc4 0-0 9. 0-0 Nb6 10. Bb3 a5 11. a4 Nfd5 12. Re1 Qc7 13. Qe2 Bg4 14. h3 Be6 15. Bc2 Nf4 16. Bxf4 Qxf4 17. Qe3 Qxe3 18. fxe3 Bh6 19. Kf2 f5 20. Nf1 Nc4 21. b3 Nd6 22. N1d2 Bd5 23. Ke2 Rf6 24. c4 Be4 25. Bxe4 fxe4 26. Ne5 Re6 27. g4 c5 28. dxc5 Rxe5 29. cxd6 Rd8 30. d7 Rxd7 31. Nf1 Rd3 32. Rab1 Re6 33. Rec1 Rb6 34. c5 Rbxb3 35. Rxb3 Rxb3 36. c6 bxc6 37. Rxc6 Rb2+ 38. Nd2 Kg7 39. Rc4 Ra2 40. Kd1 Ra1+ 41. Ke2 Ra2 42. Kd1 Ra1+ 43. Ke2 1/2-1/2

[Event "Rheinland Pfalz op 5th"]
[Site "Worms"]
[Date "2013.06.02"]
[Round "7"]
[White "Lares, Harald"]
[Black "Endres, Thomas"]
[Result "1-0"]
[WhiteElo "2016"]
[BlackElo "1823"]
[PlyCount "31"]
[EventDate "2013.05.30"]
[EventType "swiss"]
[EventRounds "7"]
[EventCountry "GER"]
[SourceTitle "EXT 2014"]
[Source "ChessBase"]
[SourceDate "2013.11.20"]
[SourceVersion "1"]
[SourceVersionDate "2013.11.20"]
[SourceQuality "1"]

1. Nf3 b6 2. d4 e6 3. c4 Bb7 4. Nc3 Nf6 5. g3 Be7 6. Bg2 0-0 7. 0-0 d6 8. Qc2 Nbd7 9. e4 e5 10. Rd1 Qb8 11. Nd5 Nxd5 12. cxd5 Rc8 13. Bh3 Rd8 14. Bxd7 Rxd7 15. dxe5 Qd8 16. e6 1-0

[Event "Rheinland Pfalz op 5th"]
[Site "Worms"]
[Date "2013.06.01"]
[Round "5"]
[White "Lares, Harald"]
[Black "Maurer, Fabian"]
[Result "1/2-1/2"]
[WhiteElo "2016"]
[BlackElo "1587"]
[PlyCount "74"]
[EventDate "2013.05.30"]
[EventType "swiss"]
[EventRounds "7"]
[EventCountry "GER"]
[SourceTitle "EXT 2014"]
[Source "ChessBase"]
[SourceDate "2013.11.20"]
[SourceVersion "1"]
[SourceVersionDate "2013.11.20"]
[SourceQuality "1"]

1. Nf3 Nf6 2. c4 c5 3. Nc3 b6 4. g3 Bb7 5. Bg2 e6 6. 0-0 Be7 7. e3 0-0 8. d4 cxd4 9. exd4 d6 10. Re1 Nbd7 11. b3 a6 12. Bb2 Rc8 13. Qd3 Qc7 14. Bh3 Rfe8 15. Rad1 d5 16. cxd5 Nxd5 17. Nxd5 Bxd5 18. Rc1 Qb7 19. Rxc8 Rxc8 20. Ne5 Nf6 21. f3 Rc7 22. Qe3 Rc2 23. Re2 Qc7 24. Rxc2 Qxc2 25. Qc1 Qxc1+ 26. Bxc1 Ne8 27. Kf2 f6 28. Nc4 b5 29. Nb6 Kf7 30. Nxd5 exd5 31. Bd2 b4 32. Bd7 Nc7 33. Bc6 Ke6 34. h4 Nb5 35. Bxb5 axb5 36. Bf4 h5 37. Bc7 g6 1/2-1/2

[Event "Rheinland Pfalz op 5th"]
[Site "Worms"]
[Date "2013.05.30"]
[Round "2"]
[White "Hermanns, Till"]
[Black "Lares, Harald"]
[Result "0-1"]
[WhiteElo "1113"]
[BlackElo "2016"]
[PlyCount "76"]
[EventDate "2013.05.30"]
[EventType "swiss"]
[EventRounds "7"]
[EventCountry "GER"]
[SourceTitle "EXT 2014"]
[Source "ChessBase"]
[SourceDate "2013.11.20"]
[SourceVersion "1"]
[SourceVersionDate "2013.11.20"]
[SourceQuality "1"]

1. d4 Nf6 2. c4 e6 3. Nc3 d5 4. Nf3 Be7 5. Bg5 0-0 6. e3 b6 7. Be2 Ba6 8. Bxf6 Bxf6 9. Rb1 dxc4 10. b4 cxb3 11. axb3 Bxe2 12. Qxe2 c5 13. Rd1 Nc6 14. 0-0 cxd4 15. exd4 Qe7 16. Ne5 Bxe5 17. dxe5 Qc5 18. Qc4 Qxc4 19. bxc4 Nxe5 20. Rd4 Rfc8 21. Rfd1 Kf8 22. Nb5 Rxc4 23. f4 Rxd4 24. Rxd4 Nc6 25. Rd7 a5 26. Rb7 Rb8 27. Rc7 Ne7 28. Kf2 Nd5 29. Rc4 Ke7 30. g4 Rd8 31. Kf3 Nb4 32. Ke4 f5+ 33. gxf5 exf5+ 34. Ke3 g6 35. Nd4 Kf6 36. Kd2 Nd5 37. Rc6+ Ke7 38. Rc7+ Nxc7 0-1

[Event "Zweibruecken PSB-ch MAT1 82nd"]
[Site "Zweibruecken"]
[Date "2013.03.30"]
[Round "9"]
[White "Lares, Harald"]
[Black "Hain, Guenter"]
[Result "1/2-1/2"]
[WhiteElo "2036"]
[BlackElo "2019"]
[PlyCount "34"]
[EventDate "2013.??.??"]
[EventType "tourn"]
[EventRounds "9"]
[EventCountry "GER"]
[SourceTitle "EXT 2014"]
[Source "ChessBase"]
[SourceDate "2013.11.20"]
[SourceVersion "1"]
[SourceVersionDate "2013.11.20"]
[SourceQuality "1"]

1. Nf3 f5 2. c4 Nf6 3. Nc3 g6 4. g3 Bg7 5. Bg2 0-0 6. d4 d6 7. d5 Na6 8. Nd4 Nc5 9. 0-0 a5 10. Qc2 Nxd5 11. Bxd5+ e6 12. Nxf5 Rxf5 13. Bg2 Bd7 14. Ne4 Ba4 15. Qd2 Bc6 16. Nxc5 Rxc5 17. Bh3 Qe7 1/2-1/2

[Event "Zweibruecken PSB-ch MAT1 82nd"]
[Site "Zweibruecken"]
[Date "2013.03.29"]
[Round "7"]
[White "Lares, Harald"]
[Black "Ritter, Ralph"]
[Result "1-0"]
[WhiteElo "2036"]
[BlackElo "2072"]
[PlyCount "75"]
[EventDate "2013.??.??"]
[EventType "tourn"]
[EventRounds "9"]
[EventCountry "GER"]
[SourceTitle "EXT 2014"]
[Source "ChessBase"]
[SourceDate "2013.11.20"]
[SourceVersion "1"]
[SourceVersionDate "2013.11.20"]
[SourceQuality "1"]

1. Nf3 e6 2. c4 Nf6 3. Nc3 d5 4. d4 c6 5. e3 Nbd7 6. Bd3 dxc4 7. Bxc4 b5 8. Bd3 a6 9. 0-0 c5 10. e4 Bb7 11. d5 exd5 12. exd5 Bd6 13. Re1+ Kf8 14. Bg5 h6 15. Bh4 g5 16. Bg3 Bxg3 17. hxg3 Nb6 18. Qe2 Nbxd5 19. Nxd5 Bxd5 20. Qe5 Bxf3 21. gxf3 Qd4 22. Qf5 Kg7 23. Re7 Kf8 24. Rae1 Re8 25. R7e5 Kg7 26. Rxe8 Rxe8 27. Rxe8 Nxe8 28. Qh7+ Kf8 29. Qxh6+ Ng7 30. Be4 Qxb2 31. Qd6+ Kg8 32. Qd8+ Ne8 33. Qxe8+ Kg7 34. Qe7 Qxa2 35. Qxg5+ Kf8 36. Qxc5+ Kg7 37. Qe5+ Kf8 38. f4 1-0

[Event "Zweibruecken PSB-ch MAT1 82nd"]
[Site "Zweibruecken"]
[Date "2013.03.24"]
[Round "3"]
[White "Lares, Harald"]
[Black "Huenerfauth, Uwe"]
[Result "0-1"]
[WhiteElo "2036"]
[BlackElo "2100"]
[PlyCount "72"]
[EventDate "2013.??.??"]
[EventType "tourn"]
[EventRounds "9"]
[EventCountry "GER"]
[SourceTitle "EXT 2014"]
[Source "ChessBase"]
[SourceDate "2013.11.20"]
[SourceVersion "1"]
[SourceVersionDate "2013.11.20"]
[SourceQuality "1"]

1. Nf3 e6 2. c4 Nf6 3. Nc3 d5 4. d4 Be7 5. Bg5 0-0 6. e3 b6 7. cxd5 exd5 8. Qc2 Bb7 9. Bd3 Nbd7 10. Rd1 Ne4 11. Bf4 Ndf6 12. 0-0 Bd6 13. Ne5 h6 14. Ne2 Nh5 15. f3 Nxf4 16. Nxf4 Bxe5 17. dxe5 Nc5 18. Bf5 Re8 19. b4 Ne6 20. Bxe6 fxe6 21. Rc1 Rc8 22. b5 Qg5 23. Qc3 c6 24. bxc6 Rxc6 25. Qd4 Rec8 26. Rxc6 Rxc6 27. h4 Qe7 28. Nh5 Rc4 29. Qd3 Qf7 30. g4 Qc7 31. f4 Rc1 32. Rxc1 Qxc1+ 33. Kf2 Qb2+ 34. Kg3 d4 35. e4 Qc3 36. Qf3 Bxe4 0-1

[Event "Pfalz op 03rd"]
[Site "Neustadt an der Weinstrasse"]
[Date "2012.03.03"]
[Round "6"]
[White "Hess, Markus"]
[Black "Lares, Harald"]
[Result "1/2-1/2"]
[WhiteElo "2200"]
[BlackElo "2082"]
[PlyCount "50"]
[EventDate "2012.02.17"]
[EventType "swiss"]
[EventRounds "9"]
[EventCountry "GER"]
[SourceTitle "EXT 2013"]
[Source "ChessBase"]
[SourceDate "2012.11.22"]
[SourceVersion "1"]
[SourceVersionDate "2012.11.22"]
[SourceQuality "1"]

1. e4 d6 2. d4 Nf6 3. Nc3 g6 4. f4 Bg7 5. Nf3 0-0 6. Bd3 c6 7. 0-0 a5 8. Qe1 a4 9. Qh4 e6 10. f5 exf5 11. Bg5 h6 12. Bxh6 Nxe4 13. Qxd8 Rxd8 14. Bxg7 Kxg7 15. Nxe4 fxe4 16. Bxe4 Re8 17. Bd3 Be6 18. a3 Nd7 19. Ng5 Nf6 20. Rae1 Bd7 21. Bc4 d5 22. Bd3 Rxe1 23. Rxe1 Re8 24. Rxe8 Nxe8 25. Kf2 f6 1/2-1/2